| 000 | 01000nam a22003017a 4500 | ||
|---|---|---|---|
| 003 | EG-ScBUE | ||
| 005 | 20220605121718.0 | ||
| 008 | 140506t2014 maua f 000 0 eng d | ||
| 020 | _a9781285442136 | ||
| 020 | _a128544213X | ||
| 040 |
_aEG-ScBUE _beng _erda _cEG-ScBUE _dEG-ScBUE |
||
| 082 | 0 | 4 |
_a428.4 _bBLA _222 |
| 100 | 1 |
_aBlass, Laurie, _eauthor. _934715 |
|
| 245 | 1 | 0 |
_aPathways foundations : _bReading, writing, and critical thinking / _cLaurie Blass, Mari Vargo. |
| 264 | 1 |
_aBoston, MA : _bNational Geographic Learning, _c[2014] |
|
| 264 | 4 | _cc2014 | |
| 300 |
_axvi, 160 pages : _bcolor illustrations ; _c28 cm |
||
| 336 |
_2rdacontent _atext _btxt |
||
| 337 |
_2rdamedia _aunmediated _bn |
||
| 338 |
_2rdacarrier _avolume _bnc |
||
| 521 | _aA2 | ||
| 650 | 7 |
_aEnglish language _xStudy and teaching _vProblems, exercises, etc. _2BUEsh |
|
| 651 | _2BUEsh | ||
| 653 |
_bHHUUEENN _cJanuary2017 |
||
| 655 |
_vReading book _934232 |
||
| 700 | 1 |
_aVargo, Mari, _eauthor. _936085 |
|
| 942 |
_2ddc _cBB |
||
| 999 |
_c23822 _d23794 |
||